| 000 | 00606cam a2200205 4500 | ||
|---|---|---|---|
| 008 | 000000n2007 000 0 eng u | ||
| 020 | _a9781845924669 | ||
| 035 | _a(Sirsi) u138437 | ||
| 041 | _aeng | ||
| 050 | _a336.200212 $2 18 | ||
| 100 | _aLaing, Sarah | ||
| 245 | _aTottel's tax tables 2007-08 March 2007 Budget edition including a summary of the Chancellor`s proposals. | ||
| 260 |
_aHaywards Heath _bTottel Publishing _c2007 |
||
| 300 | _a31,[12],p. ; 21x25cm. | ||
| 350 | _a23.50 | ||
| 650 | _aBUDGET | ||
| 651 | 4 | _aUNITED KINGDOM | |
| 690 | _aPROPERTY-PROPERTY TAXATION | ||
| 942 | _n0 | ||
| 999 |
_c107161 _d107161 |
||